| Tag |
First Indicator |
Second Indicator |
Subfields |
| LEADER |
00000cam a2200000 4500 |
| 001 |
in00000023543 |
| 005 |
20151007064458.0 |
| 008 |
751205s1973 fr c 00000 rusr |
| 010 |
|
|
|a 73362894
|
| 035 |
|
|
|a (OCoLC)01877952
|
| 035 |
|
|
|9 AAD9925AM
|
| 037 |
|
|
|c 15.50F
|
| 040 |
|
|
|a DLC
|c GUA
|d GUA
|d TXA
|d UtOrBLW
|
| 049 |
|
|
|a TXAM
|c [1471645]
|
| 050 |
0 |
0 |
|a PG3488.O4
|b A9432
|
| 245 |
0 |
0 |
|a "Avgust chetyrnadtsatogo" chitaiut na rodine :
|b sbornik statei i otzyvov.
|
| 264 |
|
1 |
|a Paris :
|b YMCA-press,
|c 1973.
|
| 300 |
|
|
|a 139 pages :
|b portrait ;
|c 21cm.
|
| 336 |
|
|
|a text
|b txt
|2 rdacontent
|
| 337 |
|
|
|a unmediated
|b n
|2 rdamedia
|
| 338 |
|
|
|a volume
|b nc
|2 rdacarrier
|
| 600 |
1 |
0 |
|a Solzhenit︠s︡yn, Aleksandr Isaevich,
|d 1918-2008.
|t Avgust chetyrnadtsatogo.
|
| 999 |
|
|
|a MARS
|
| 999 |
f |
f |
|s 95a61c59-6b69-3803-b6ba-67b95dbe7a34
|i 0597b2f2-e6d9-339f-a6f7-19b28ef10f7f
|t 0
|
| 952 |
f |
f |
|p ric
|a Texas A&M University
|b Rellis Campus
|c Joint Library Facility
|s JLF
|d Remote Storage
|t 0
|e PG3488.O4 A9432
|h Library of Congress classification
|i unmediated -- volume
|m A14803632138
|
| 998 |
f |
f |
|a PG3488.O4 A9432
|t 0
|l Remote Storage
|